=LDR 00000nam 2200000 4500 =001 INLIS000000000019237 =005 20130612114326 =008 ***********************************Ind** =035 ##$$0010-061300000019237 =041 ##$$a Ind =082 ##$$a 621.381 =090 ##$$a 621.381, Blo d =100 ##$$a Blocher, Richard =245 ##$$a Dasar elektronika, Richard Bloker =260 ##$$a 2004 $b Yogyakarta =300 ##$$a ix, 282 hlm, ilus, 23 cm =650 ##$$a Elektronika =850 ##$$a NBPNMAT =990 ##$$a 0001/BPAP-NTB/2016 =990 ##$$a 0001/BPAP-NTB/2016